000
00238nam a22000857a 4500
008
160907b xxu||||| |||| 00| 0 eng d
100
_9
321
_a
Chath R
245
_a
Children Entertainment Stories(Hindi)
260
_a
New Delhi
_b
Agni Prakashan
_c
2012
999
_c
2981
_d
2981